000 00260nam a2200121Ia 4500
003 LDD
040 _cLDD
041 _aen
245 0 _aJournal of Business Strategy : to be entered
260 _c1 Jul-31 Dec,2006
362 _a27-27
_b04-Jun
942 _2ddc
_cJ
999 _c178705
_d178705